Как информировать потребителя; Стандарты и качество; № 2

Bibliografiset tiedot
Parent link:Стандарты и качество: научно-технический журнал/ Российская Федерация, Государственный комитет по стандартизации и метрологии (Госстандарт России).— , 1980-.— 0038-9692
№ 2.— 2004.— С. 48-49
Kieli:venäjä
Julkaistu: 2004
Sarja:Стандартизация: практика, методика, теория
Aiheet:
Aineistotyyppi: Kirjan osa
KOHA link:https://koha.lib.tpu.ru/cgi-bin/koha/opac-detail.pl?biblionumber=459617

MARC

LEADER 00000naa2a2200000 4500
001 459617
005 20231101085146.0
035 |a (RuTPU)RU\TPU\prd\123413 
035 |a RU\TPU\prd\24983 
090 |a 459617 
100 |a 20111024a2004 k y0rusy50 ca 
101 0 |a rus 
102 |a RU 
200 1 |a Как информировать потребителя 
225 1 |a Стандартизация: практика, методика, теория 
461 1 |0 (RuTPU)RU\TPU\prd\992  |x 0038-9692  |t Стандарты и качество  |o научно-технический журнал  |f Российская Федерация, Государственный комитет по стандартизации и метрологии (Госстандарт России)  |d 1980- 
463 1 |0 (RuTPU)RU\TPU\prd\123400  |t № 2  |v С. 48-49  |d 2004 
610 1 |a потребители 
610 1 |a информационное обеспечение 
610 1 |a защита прав 
610 1 |a информирование 
610 1 |a товары 
610 1 |a законодательство 
801 1 |a RU  |b 63413507  |c 20040407  |g PSBO 
801 2 |a RU  |b 63413507  |c 20111024  |g RCR 
942 |c BK